|
|
|
|
| LEADER |
00000nab a2200000uu 4500 |
| 001 |
vtls010905302 |
| 003 |
SK-MaSNL |
| 005 |
20260304174157.0 |
| 008 |
230222|2011 xo |||||||||||||||||slo| |
| 015 |
|
|
|a SNBRB
|
| 035 |
|
|
|a (urnnbn)urn:nbn:sk:snk:ar-a07too
|
| 035 |
|
|
|a (uuid)680ed591-8026-4018-97db-bb2d0e5bc1d1
|
| 035 |
|
|
|a urn:nbn:sk:snk-ab8vwr
|
| 040 |
|
|
|a SNKBUCL
|b slo
|c SNKBUCL
|e AACR2
|
| 041 |
0 |
|
|a slo
|
| 044 |
|
|
|a xo
|c SK
|
| 100 |
1 |
|
|a Momot, Anastazij,
|d 1986-
|4 aut
|9 256065
|
| 245 |
1 |
0 |
|a KULTUROLOGICKÉ POHĽADY NA RÓMSKU RODINU V KONTEXTE METÓD SOCIÁLNEJ PRÁCE
|c Anastazij Momot
|
| 773 |
0 |
|
|t Sociálna a duchovná revue : vedecko-odborný recenzovaný zborník
|g Roč. 2, č. 2 (2011), s. 51-59
|
| 954 |
|
|
|a odborná, vedecká literatúra pôvodná (slovenská)
|2 lita
|
| 958 |
|
|
|a OND
|
| 958 |
|
|
|a EUIPO
|
| 958 |
|
|
|a article10
|
| 999 |
|
|
|c 3007321
|d 3009251
|